| 000 | 01360pam a2200361 a 4500 | ||
|---|---|---|---|
| 001 | 3923864 | ||
| 003 | OSt | ||
| 005 | 20251006114608.0 | ||
| 008 | 920807s1993 caua 001 0 eng | ||
| 010 | _a 92029450 | ||
| 020 | _a080531217X | ||
| 035 | _a3923864 | ||
| 040 |
_aDLC _cmust _dDLC |
||
| 050 | 0 | 0 |
_aQA76.73.P2 _bC3665 1993 |
| 082 | 0 | 0 |
_a005.7/3 CAR 1993 _220 |
| 100 | 1 |
_aCarrano, Frank M. _95615 |
|
| 245 | 1 | 0 |
_aData structures and problem solving with Turbo Pascal : _bwalls and mirrors / _cFrank M. Carrano, Paul Helman, Robert Veroff. |
| 260 |
_aRedwood City, Calif. : _bBenjamin/Cummings Pub. Co., _cc1993. |
||
| 300 |
_axxii, 715, 54, 8 p. : _bill. (some col.) ; _c27 cm. |
||
| 336 |
_atext _btxt _2rdacontent |
||
| 337 |
_aunmediated _bn _2rdamedia |
||
| 338 |
_avolume _bnc _2rdacarrier |
||
| 500 | _aIncludes index. | ||
| 630 | 0 | 0 |
_aTurbo Pascal (Computer file) _92144 |
| 650 | 0 |
_aPascal (Computer program language) _92145 |
|
| 650 | 0 |
_aData structures (Computer science) _96550 |
|
| 700 | 1 |
_aHelman, Paul. _919403 |
|
| 700 | 1 |
_aVeroff, Robert. _919404 |
|
| 906 |
_a7 _bcbc _corignew _d1 _eocip _f19 _gy-gencatlg |
||
| 942 |
_2z _cB_BANK |
||
| 999 |
_c9532 _d9532 |
||